|
|
|
|
| LEADER |
00000nam0a2200000 4500 |
| 001 |
117243 |
| 005 |
20231031123613.0 |
| 020 |
|
|
|a RU
|b 86-40479
|
| 035 |
|
|
|a (RuTPU)RU\TPU\book\126904
|
| 090 |
|
|
|a 117243
|
| 100 |
|
|
|a 20070531d1986 m y0rusy5003 ca
|
| 101 |
0 |
|
|a rus
|
| 102 |
|
|
|a RU
|
| 105 |
|
|
|a a z 000ay
|
| 200 |
1 |
|
|a Сочинения Козьмы Пруткова
|f К. Прутков
|g авт. предисл. В. Сквозников; худож. Н. Кузьмин
|
| 210 |
|
|
|a Москва
|c Правда
|d 1986
|
| 215 |
|
|
|a 414,[1] с.
|c ил.
|d 21 см
|
| 610 |
1 |
|
|a русская литература
|
| 610 |
1 |
|
|a русская классика
|
| 675 |
|
|
|a Р1
|z rus
|v 3
|
| 700 |
|
1 |
|a Прутков
|b К.
|g Козьма
|4 070
|
| 702 |
|
1 |
|a Сквозников
|b В.
|4 080
|
| 702 |
|
1 |
|a Кузьмин
|b Н.
|4 440
|
| 801 |
|
0 |
|a RU
|b RuMRKP
|c 19950704
|g psbo
|
| 801 |
|
1 |
|a RU
|b 63413507
|c 20070531
|g PSBO
|
| 801 |
|
2 |
|a RU
|b 63413507
|c 20070824
|g PSBO
|
| 942 |
|
|
|c BK
|